Schools with the Most NCAA Tournament Bids - Statistics

General Stats
  • This quiz has been taken 2,888 times
    2,230 since last reset
  • The average score is 26 of 41
Answer Stats
# Bids School % Correct
41 Duke
97%
48 North Carolina
96%
56 Kentucky
94%
46 UCLA
93%
46 Kansas
91%
23 Michigan
90%
33 Texas
86%
31 Michigan State
85%
39 Indiana
83%
27 Ohio State
76%
32 Arizona
74%
34 Syracuse
74%
30 Oklahoma
73%
36 Villanova
71%
30 Illinois
70%
32 Connecticut
67%
42 Louisville
67%
25 Iowa
65%
24 North Carolina State
63%
28 Oklahoma State
63%
30 Georgetown
62%
23 Wisconsin
62%
28 Purdue
61%
29 Kansas State
59%
26 Maryland
57%
31 Arkansas
55%
23 Pennsylvania
55%
36 Notre Dame
54%
29 Utah
51%
28 West Virginia
51%
25 Missouri
49%
31 Cincinnati
45%
28 St. Johns
45%
32 Marquette
44%
25 Princeton
43%
29 BYU
39%
23 Wake Forest
39%
27 Xavier
38%
32 Temple
33%
26 Pittsburgh
27%
22 Western Kentucky
19%
No matching quizzes found
Score Distribution
Percent of People with Each Score
Percentile by Number Answered
Your Score History
You have not taken this quiz since the last reset